| 000 | 00665nam a2200193 i 4500 | ||
|---|---|---|---|
| 001 | 52515 | ||
| 003 | ES-MaACL | ||
| 005 | 20231221205320.0 | ||
| 007 | t| | ||
| 008 | 030901s1960 sp ||||1| spa d | ||
| 100 | 1 |
_aDavies, Owen L. _942917 |
|
| 245 | 1 | 0 |
_aMétodos estadísticos aplicados a la investigación y a la producción / _cOwen L. Davies ; traducción del inglés por Francisco Azorín y Anselmo Calleja. |
| 260 |
_aMadrid : _bAguilar, _c1960. |
||
| 300 |
_aXXIII, 423 p. ; _c24 cm. |
||
| 700 | 1 |
_aAzorín, Francisco, _d1915- _924331 |
|
| 700 | 1 |
_aCalleja, Anselmo. _933713 |
|
| 852 |
_aES-MaACL _jC-18265 _bR.46574 |
||
| 999 |
_c52515 _d52515 |
||